000 00539nam a2200157 i 4500
001 31321
003 ES-MaACL
005 20230906154346.0
007 t|
008 160426s1885 cl ||||1| spa d
245 0 0 _aSinopsis estadística y geográfica de Chile en 1884 /
_cOficina Central de Estadística.
260 _aSantiago de Chile :
_b[s.n.],
_c1885 (
_fImp. Nacional)
300 _a49 p. ;
_c22 cm.
651 4 _aChile-
_xDescripción.
_9143280
852 _aES-MaACL
_jT-433-F-1
_z.- Enc. en un vol. facticio falto de la cub. original
999 _c31321
_d31321